MARC

LEADER 00000nam0a2200000 4500
001 26335
005 20231030201551.0
035 |a (RuTPU)RU\TPU\book\26577 
035 |a BOOK00026652 
090 |a 26335 
100 |a 20011209d1983 k y0rusy50 ca 
101 0 |a rus 
102 |a KG 
105 |a y z 000zy 
200 1 |a Разработка и внедрение процессов получения чистой сурьмы  |f А. Г. Батюк  |g АН Киргизской ССР, Институт неорганической и физической химии 
210 |a Фрунзе  |c Илим  |d 1983 
215 |a 353 с. 
610 1 |a металлургия 
610 1 |a сурьма 
610 1 |a физико-химические свойства 
610 1 |a получение 
610 1 |a соединения 
675 |a 669.75  |v 3 
700 1 |a Батюк  |b А. Г.  |g Алексей Григорьевич 
712 0 2 |a АН Киргизской ССР  |b Институт неорганической и физической химии 
801 0 |a RU  |b 63413507  |c 20011209  |g PSBO 
801 2 |a RU  |b 63413507  |c 20100120  |g PSBO 
942 |c BK